Загрузка...

An easy waty to KSR :Revised ed.based on 10th pay revision

Библиографические подробности
Главный автор: Natesan,Sooryakod e
Формат: Printed Book
Язык:Undetermined
Опубликовано: chinta publishers TVM, 2017
Редактирование:4 ed.
Предметы:
LEADER 00546nam a2200157Ia 4500
008 200324s9999 xx 000 0 und d
082 |a 328.5483NAT.E 
100 |a Natesan,Sooryakod e 
245 3 |a An easy waty to KSR :Revised ed.based on 10th pay revision 
250 |a 4 ed. 
260 |b chinta publishers TVM,  |c 2017 
300 |a 192p. 
650 |a legilative process--kerala 
942 |c BK 
999 |c 289198  |d 289198 
952 |0 0  |1 0  |4 0  |6 328_000000000000000_5483NAT_E  |7 0  |9 307732  |a SDE  |b SDE  |d 2019-08-08  |l 0  |o 328.5483NAT.E  |p SDE25434  |r 2020-03-27  |w 2020-03-27  |y BK